[Event "EST-ch (Women)"]
[Site "Tallinn"]
[Date "2021.12.15"]
[Round "7"]
[White "Ivanova, Lidia"]
[Black "Blokhin, Sofia"]
[Result "0-1"]
[WhiteElo "1443"]
[BlackElo "2032"]
[PlyCount "78"]
[EventDate "2021.12.11"]
[EventType "tourn"]
[EventRounds "7"]
[EventCountry "EST"]
[SourceTitle "EXT 2023"]
[Source "ChessBase"]
[SourceDate "2022.10.05"]
[SourceVersion "1"]
[SourceVersionDate "2022.10.05"]
[SourceQuality "1"]

1. e4 c5 2. f4 Nc6 3. Nf3 g6 4. Bb5 Bg7 5. Bxc6 bxc6 6. d3 d5 7. Qe2 Nf6 8. e5 Nd7 9. c4 e6 10. 0-0 0-0 11. Nc3 Nb6 12. b3 f6 13. Bb2 fxe5 14. Nxe5 Qd6 15. Rae1 a5 16. h4 Rf5 17. g4 Rf8 18. g5 Rf5 19. Nd1 d4 20. Rf3 Bb7 21. Bc1 Qf8 22. Ng4 Re8 23. Qf2 Nd7 24. Nh2 Qd6 25. Nf1 Ref8 26. Ng3 R5f7 27. Ne4 Qe7 28. Ba3 e5 29. Rf1 exf4 30. Qh2 Qe5 31. Ndf2 Rf5 32. Nh3 Qc7 33. Qd2 Bc8 34. Kg2 Ne5 35. Rxf4 Ng4 36. Kg1 Ne3 37. Rxf5 gxf5 38. Bxc5 fxe4 39. Rxf8+ Bxf8 0-1

[Event "EST-ch (Women)"]
[Site "Tallinn"]
[Date "2020.08.14"]
[Round "7"]
[White "Narva, Triin"]
[Black "Ivanova, Lidia"]
[Result "1-0"]
[WhiteElo "2092"]
[BlackElo "1462"]
[PlyCount "77"]
[EventDate "2020.08.08"]
[EventType "tourn"]
[EventRounds "9"]
[EventCountry "EST"]
[SourceTitle "CBM 197 Extra"]
[Source "ChessBase"]
[SourceDate "2020.09.30"]
[SourceVersion "1"]
[SourceVersionDate "2020.09.30"]
[SourceQuality "1"]

1. e4 c6 2. d4 d5 3. Nc3 dxe4 4. Nxe4 Bf5 5. Ng3 Bg6 6. h4 h6 7. Nf3 Nd7 8. h5 Bh7 9. Bd3 Bxd3 10. Qxd3 e6 11. Bd2 Qc7 12. 0-0-0 0-0-0 13. Ne4 Ngf6 14. g3 Nxe4 15. Qxe4 Nf6 16. Qe2 Bd6 17. Kb1 Kb8 18. c4 c5 19. Bc3 a6 20. Ne5 Bxe5 21. dxe5 Nd7 22. Rd6 Nb6 23. Rhd1 Nc8 24. R6d3 Ne7 25. Qd2 Kc8 26. Ba5 Rxd3 27. Qxd3 Qxa5 28. Qd7+ Kb8 29. Qxe7 Qc7 30. Rd7 Qc6 31. a3 Qe4+ 32. Ka1 Qh1+ 33. Ka2 Qe4 34. Qd6+ Ka8 35. Qxc5 Qf3 36. Qc7 Rf8 37. a4 Ka7 38. Qc5+ Ka8 39. Qxf8+ 1-0

[Event "EST-ch (Women)"]
[Site "Tallinn"]
[Date "2020.08.13"]
[Round "6"]
[White "Ivanova, Lidia"]
[Black "Blokhin, Sofia"]
[Result "0-1"]
[WhiteElo "1462"]
[BlackElo "1888"]
[PlyCount "106"]
[EventDate "2020.08.08"]
[EventType "tourn"]
[EventRounds "9"]
[EventCountry "EST"]
[SourceTitle "CBM 197 Extra"]
[Source "ChessBase"]
[SourceDate "2020.09.30"]
[SourceVersion "1"]
[SourceVersionDate "2020.09.30"]
[SourceQuality "1"]

1. e4 c5 2. Nf3 e6 3. d3 Nc6 4. g3 g6 5. Bg2 Bg7 6. 0-0 Nge7 7. c3 0-0 8. Re1 d5 9. e5 f6 10. exf6 Bxf6 11. Bf4 Nf5 12. Na3 a6 13. Nc2 Bd7 14. h4 Qb6 15. Rb1 Ng7 16. Qd2 Nh5 17. Be5 Nxe5 18. Nxe5 Bxe5 19. Rxe5 Rf6 20. Ne3 Rff8 21. Ng4 Nf6 22. Nxf6+ Rxf6 23. h5 Raf8 24. Rf1 Be8 25. h6 Bd7 26. Bh3 a5 27. Qe2 Qd6 28. f4 b5 29. Re1 Re8 30. f5 gxf5 31. Bxf5 Rxh6 32. g4 Qe7 33. Qg2 Kh8 34. Qxd5 Qh4 35. Qg2 Rg8 36. Kf1 exf5 37. Re7 Bc6 38. Qg1 Rxg4 39. Qe3 Qh3+ 40. Qxh3 Rxh3 41. R1e6 Rh1+ 42. Kf2 Rg2+ 43. Ke3 Re1+ 44. Kf4 Rxe6 45. Rxe6 Bd7 46. Re7 Rg7 47. Re5 h5 48. Re3 Rg4+ 49. Ke5 c4 50. d4 Re4+ 51. Rxe4 fxe4 52. Kxe4 h4 53. Kf4 h3 0-1

[Event "EST-ch (Women)"]
[Site "Tallinn"]
[Date "2015.05.15"]
[Round "7"]
[White "Olde, Margareth"]
[Black "Ivanova, Lidia"]
[Result "1-0"]
[WhiteElo "1888"]
[BlackElo "1357"]
[PlyCount "199"]
[EventDate "2015.05.12"]
[EventType "tourn"]
[EventRounds "10"]
[EventCountry "EST"]
[SourceTitle "CBM 166 Extra"]
[Source "ChessBase"]
[SourceDate "2015.06.18"]
[SourceVersion "1"]
[SourceVersionDate "2015.06.18"]
[SourceQuality "1"]

1. c4 c6 2. g3 Nf6 3. Bg2 d5 4. cxd5 cxd5 5. Nf3 Bf5 6. Nc3 e6 7. d4 Be7 8. 0-0 0-0 9. b3 Nc6 10. Bb2 a6 11. Rc1 Rc8 12. h3 b5 13. Nh4 Bg6 14. Nxg6 hxg6 15. Re1 Qb6 16. e3 Rc7 17. Ne2 Rfc8 18. Nf4 Na7 19. Rxc7 Qxc7 20. Re2 b4 21. Qe1 Nb5 22. Nd3 a5 23. Rd2 Qb7 24. Qa1 Rc7 25. Nc5 Qc8 26. Kh2 Nd7 27. e4 Nxc5 28. dxc5 Rxc5 29. exd5 exd5 30. Bxd5 Nc3 31. Bg2 Bf6 32. Qf1 Nd5 33. Bxf6 Nxf6 34. Qd1 Kh7 35. Qe2 Qc7 36. Qd1 Rc1 37. Qe2 Rc5 38. Qa6 Re5 39. Qa8 Re8 40. Qa6 Re6 41. Qd3 Re7 42. Rc2 Qa7 43. Qd6 Qd7 44. Qf4 Qb5 45. Qd4 Qe5 46. Qc4 Qf5 47. Qh4+ Qh5 48. Qf4 Qe5 49. Qf3 Qh5 50. Qf4 Qe5 51. Qc1 Ra7 52. Rc5 Qe2 53. Rc2 Qe7 54. Rc8 Qe2 55. Qf4 Qb5 56. Bf3 g5 57. Qe3 Qd7 58. Rc5 Ra6 59. Rxg5 Qa7 60. Be4+ Kg8 61. Qxa7 Rxa7 62. Bf3 Ra6 63. Rb5 g6 64. Kg2 Ra7 65. Kf1 Kf8 66. Ke2 Ke7 67. Kd3 Kd7 68. Rb6 Ne8 69. Bd5 Nd6 70. Rc6 Ke7 71. g4 Nb5 72. Rc4 Nc3 73. Bc6 Nxa2 74. Rd4 Nc3 75. f4 Rc7 76. Be4 Rc5 77. Rc4 Rb5 78. Rc7+ Ke6 79. f5+ gxf5 80. Bxf5+ Kf6 81. Kc4 Re5 82. h4 Rd5 83. h5 Kg7 84. Bg6 Kh6 85. Rxf7 Re5 86. Rf5 Re4+ 87. Kd3 Rxg4 88. Rxa5 Rh4 89. Ra7 Kg5 90. Rb7 Kh6 91. Bf7 Rf4 92. Bg6 Rh4 93. Rh7+ Kg5 94. Rh8 Nd5 95. Bf7 Nf6 96. Rb8 Nd7 97. Rb5+ Kf6 98. Be8 Ne5+ 99. Ke2 Ng4 100. Rxb4 1-0